Россия в 1839 году. Т. 2 (Запись № 7288503)
[ простой вид ]
| 000 -МАРКЕР | |
|---|---|
| контрольное поле | 01114nam2a22002651 4500 |
| 001 - ИДЕНТИФИКАТОР ЗАПИСИ | |
| контрольное поле | rc\101772 |
| 005 - ИДЕНТИФИКАТОР ВЕРСИИ | |
| контрольное поле | 20250620201012.0 |
| 010 ## - МЕЖДУНАРОДНЫЙ СТАНДАРТНЫЙ НОМЕР КНИГИ (ISBN) | |
| Номер (ISBN) | 5-8242-0046-7 |
| Тираж | 5100 |
| 035 ## - ДРУГИЕ СИСТЕМНЫЕ НОМЕРА | |
| Идентификатор записи | (NLR Aleph) 005402428 |
| 100 ## - ДАННЫЕ ОБЩЕЙ ОБРАБОТКИ | |
| Данные общей обработки | 20021216d1996 |||y0rusy50 ca |
| 101 0# - ЯЗЫК РЕСУРСА | |
| Язык текста, звукозаписи и т.д. | русский |
| 102 ## - СТРАНА ПУБЛИКАЦИИ ИЛИ ПРОИЗВОДСТВА | |
| Страна публикации | Российская Федерация |
| 105 ## - ПОЛЕ КОДИРОВАННЫХ ДАННЫХ: ТЕКСТОВЫЕ МАТЕРИАЛЫ, МОНОГРАФИЧЕСКИЕ | |
| Кодированные данные о монографическом текстовом документе | a ||||||||| |
| 200 0# - ЗАГЛАВИЕ И СВЕДЕНИЯ ОБ ОТВЕТСТВЕННОСТИ | |
| Основное заглавие | Т. 2 |
| Первые сведения об ответственности | Коммент. В. Мильчиной, А. Осповата] |
| 210 ## - ПУБЛИКАЦИЯ, РАСПРОСТРАНЕНИЕ И ДР. | |
| Дата издания, распространения и т.д. | Б. г. (1996) |
| Место издания, распространения и т.д. | Б. м. |
| 215 ## - ФИЗИЧЕСКАЯ ХАРАКТЕРИСТИКА | |
| Специфическое обозначение материала и объем | 477, [2] с. |
| Другие сведения о физической характеристике | ил. |
| 320 ## - ПРИМЕЧАНИЯ О НАЛИЧИИ В ДОКУМЕНТЕ БИБЛИОГРАФИИ / УКАЗАТЕЛЯ | |
| Текст примечания | Библиогр. в примеч.: с. 387-466 |
| 320 ## - ПРИМЕЧАНИЯ О НАЛИЧИИ В ДОКУМЕНТЕ БИБЛИОГРАФИИ / УКАЗАТЕЛЯ | |
| Текст примечания | Указ. имен: с. 467-475 |
| 461 #0 - УРОВЕНЬ НАБОРА | |
| Встроенное поле | 001rc\101770 |
| -- | 2001#$aРоссия в 1839 году$eВ 2 т.$e[Пер. с фр.$fСт. В. Мильчиной]$vТ. 2 |
| -- | 700#1$aКюстин$bА. де$gАдольф де$f1790-1857 |
| Системный номер (АБИС) связанной записи | 7288487 |
| Автор | Кюстин, А. де (1790-1857) |
| Место публикации | М. |
| Дата публикации | Б. г. |
| Первые сведения об ответственности | Ст. В. Мильчиной] |
| Имя издателя, распространителя и т.д. | Изд-во им. Сабашниковых |
| Сведения, относящиеся к заглавию | В 2 т. : [Пер. с фр. |
| Заглавие | Россия в 1839 году |
| Номер тома | Т. 2 |
| 801 #0 - ИСТОЧНИК ЗАПИСИ | |
| Страна | Российская Федерация |
| Организация | NLR |
| Правила каталогизации | psbo |
| 801 #1 - ИСТОЧНИК ЗАПИСИ | |
| Страна | Российская Федерация |
| Организация | ELAR |
| Источник данных | rusmarc |
| 852 ## - МЕСТОНАХОЖДЕНИЕ И ШИФР ХРАНЕНИЯ | |
| Идентификатор организации | NLR |
| Шифр хранения (Call Number) | 96-5/2654 |
| 942 ## - ДОПОЛНИТЕЛЬНЫЕ ЭЛЕМЕНТЫ ЗАПИСИ (АБИС) | |
| Тип экземпляра АБИС | Книга |
| 980 ## - КОЛЛЕКЦИЯ | |
| Название коллекции | Национальная библиография |
| Тип экземпляра | Дата поступления | Библиотека постоянного хранения | Библиотека текущего хранения | Место хранения | Шифр хранения | Штрих-код | Статус экземпляра | Стоимость |
|---|---|---|---|---|---|---|---|---|
| Книга | 26.10.2013 | РНБ (Московский) | РНБ (Московский) | Русский книжный фонд: издания с 1957 года | 96-5/2654 | 5402428-10 | ||
| Книга | 09.04.2014 | РНБ (Московский) | РНБ (Московский) | Фонд общего зала социально-экономической литературы | С1 Т3(2)472/К-996 | 1-425791 | 30350.00 |